Get the Picture: 'Greek' Television Quiz Stats

 Plays Quiz Updated May 11, 2019

Score 0/16 Timer 02:00
0 Plays Today
Question Answer Wrong Answers
The S___rfs (1981) Mu
83.3%
Phi
2%
Nu
6%
Pi
2%
S___der-Man (1994) Pi
83.1%
Phi
7.7%
Nu
1.3%
Mu
1.9%
How to Get Away with ___rder (2014) Mu
83%
Phi
2.4%
Nu
5.8%
Pi
1.9%
General Hos___tal (1963) Pi
82.7%
Phi
7.9%
Nu
1.2%
Mu
1.8%
The ___llars of the Earth (2010) Pi
80.6%
Phi
7.3%
Nu
2.4%
Mu
2.4%
The ___nsters (1964) Mu
80%
Phi
3.8%
Nu
7.6%
Pi
2.3%
Sa___rai Jack (2001) Mu
80%
Phi
4.7%
Nu
5.8%
Pi
2.6%
___neas and Ferb (2007) Phi
76.8%
Nu
2.8%
Pi
11.3%
Mu
2.8%
It's Always Sunny in ___ladelphia (2005) Phi
74.6%
Nu
1.8%
Pi
14.8%
Mu
2.6%
Mighty Mor___n Power Rangers (1993) Phi
74%
Nu
4%
Pi
11.1%
Mu
4.9%
___mb3rs (2005) Nu
72.7%
Phi
3.6%
Pi
2.9%
Mu
14.2%
___rse Jackie (2009) Nu
72%
Phi
4%
Pi
3.2%
Mu
14.2%
The Flying ___n (1967) Nu
71%
Phi
4.3%
Pi
4.1%
Mu
13%
Mag___m P.I. (1980) Nu
69.8%
Phi
2.7%
Pi
3.2%
Mu
18.3%
Totally S___es! (2001) Pi
67.1%
Phi
10.7%
Nu
8.9%
Mu
5.5%
Dr. ___l (2002) Phi
59.3%
Nu
14.7%
Pi
9.9%
Mu
9.1%

Today's Daily Dose

Missing Word
Sherlocks

Word Ladder
King of the Hill

Quick Pick
Songs in Pink

Get the Picture
NBA Teammates

You're not logged in!

Compare scores with friends on all Sporcle quizzes.
OR
Log In

Sporcle TV

Today on Sporcle TV


Watch our educational content, quiz creation guides, and fun videos on Sporcle TV.

Show Comments

Extras

Top Quizzes Today


Score Distribution

Your Account Isn't Verified!

In order to create a playlist on Sporcle, you need to verify the email address you used during registration. Go to your Sporcle Settings to finish the process.

Report this User

Report this user for behavior that violates our Community Guidelines.

Details: